|
|
|
|
| LEADER |
00000nam0a2200000 4500 |
| 001 |
237561 |
| 005 |
20231101231539.0 |
| 010 |
|
|
|a 9785160055251
|
| 035 |
|
|
|a (RuTPU)RU\TPU\book\258735
|
| 090 |
|
|
|a 237561
|
| 100 |
|
|
|a 20130516d2013 m y0rusy50 ca
|
| 101 |
0 |
|
|a rus
|
| 102 |
|
|
|a RU
|
| 105 |
|
|
|a y j 001zy
|
| 200 |
1 |
|
|a Рекламная деятельность
|e учебник
|f Ю. В. Гусаров, Л. Ф. Гусарова
|
| 210 |
|
|
|a Москва
|c Инфра-М
|d 2013
|
| 215 |
|
|
|a 312 с.
|
| 225 |
1 |
|
|a Высшее образование. Бакалавриат
|
| 320 |
|
|
|a Библиогр.: с. 306-310.
|
| 320 |
|
|
|a Глоссарий: с. 305.
|
| 330 |
|
|
|a Освещены проблемы теории и практики рекламы, рассматривается история рекламы, оригинально описывается ее методология. В книге даны практические рекомендации по составлению рекламных обращений, проанализирована специфика использования рекламных средств в процессе создания фирменного стиля организаций, при функционировании выставок и ярмарок, рассмотрены социальные и правовые аспекты рекламной деятельности. Учебник предназначен для бакалавриата направления «Торговое дело», а также может быть использован бакалаврами в некоторых разделах направления «Менеджмент». Большое внимание уделяется проблемам повышения результативности и эффективности рекламы, развитию организационных структур в рекламной деятельности. Книга предназначена для преподавателей, аспирантов, студентов, изучающих рекламную деятельность, теорию и практику рекламы, а также некоторые разделы маркетинга.
|
| 606 |
1 |
|
|a Реклама
|2 stltpush
|3 (RuTPU)RU\TPU\subj\24860
|9 49135
|
| 610 |
1 |
|
|a рекламная деятельность
|
| 610 |
1 |
|
|a методология
|
| 610 |
1 |
|
|a история
|
| 610 |
1 |
|
|a Россия
|
| 610 |
1 |
|
|a рекламный процесс
|
| 610 |
1 |
|
|a мотивационный механизм
|
| 610 |
1 |
|
|a регулирование
|
| 610 |
1 |
|
|a товарные знаки
|
| 610 |
1 |
|
|a выставки
|
| 610 |
1 |
|
|a ярмарки
|
| 610 |
1 |
|
|a визитные карточки
|
| 610 |
1 |
|
|a названия
|
| 610 |
1 |
|
|a фирмы
|
| 610 |
1 |
|
|a СМИ
|
| 610 |
1 |
|
|a печатная реклама
|
| 610 |
1 |
|
|a электронная реклама
|
| 610 |
1 |
|
|a телевизионная реклама
|
| 610 |
1 |
|
|a Интернет-реклама
|
| 610 |
1 |
|
|a цвет
|
| 610 |
1 |
|
|a шрифты
|
| 610 |
1 |
|
|a звук
|
| 610 |
1 |
|
|a печать
|
| 610 |
1 |
|
|a рекламные кампании
|
| 610 |
1 |
|
|a бюджет
|
| 610 |
1 |
|
|a термины
|
| 610 |
1 |
|
|a учебники
|
| 675 |
|
|
|a 659(075.8)
|v 3
|
| 700 |
|
1 |
|a Гусаров
|b Ю. В.
|g Юрий Валериевич
|
| 701 |
|
1 |
|a Гусарова
|b Л. Ф.
|g Любовь Федоровна
|
| 801 |
|
1 |
|a RU
|b 63413507
|c 20130516
|
| 801 |
|
2 |
|a RU
|b 63413507
|c 20150707
|g RCR
|
| 900 |
|
|
|a Рекламная деятельность
|
| 942 |
|
|
|c BK
|
| 953 |
|
|
|b 100700
|
| 955 |
|
|
|l 8
|
| 959 |
|
|
|a 77/20130416
|d 2
|e 499,90
|f ЧЗГЛ:1
|f АНЛ:1
|